000 00580nam a2200229Ia 4500
003 OSt
005 20220928110258.0
006 a|||||r|||| 00| 0
007 ta
008 220927b |||||||| |||| 00| 0 eng d
024 _a138926
037 _cTextual
040 _aSDCL
_cSDCL
_beng
041 _2eng
_aeng
082 _aR693, L5
100 _aBhushan Desh
_9418867
245 0 _aPrabodhsar tatv darshan
260 _aDelhi
_bS.Narayan & Sons
_c1975
300 _a456p
_ccm.
942 _hR693, L5
_cTEXL
_2CC
999 _c734886
_d734886